000 01065nam a22003850a 4500
001 PT53640
003 AR-LpoUNG
005 20210131231610.0
008 191001s2013||||ag |||||||||||||||||spa d
020 _a9789871855612
_c$16,50
040 _aAR-LpoUNG
_bspa
_cAR-LpoUNG
_eaacr
041 _aspa
044 _aag
082 0 _a982.05 112reg
100 1 _aVaca, Rosana
245 1 4 _aLas reglas de la caridad :
_blas Damas de Caridad de San Vicente de Paúl : Buenos Aires 1866-1910
250 _a1ra ed.
260 _aRosario :
_bProhistoria,
_c2013.
300 _a165 p. :
_btbls., fot.
650 4 _aARGENTINA
650 4 _aASOCIACIONES
650 4 _aEDUCACION
650 4 _aHISTORIA SOCIAL
650 4 _aIGLESIA CATOLICA
650 4 _aINFLUENCIA SOCIAL
650 4 _aPODER POLITICO
650 4 _aPROBLEMAS SOCIALES
650 4 _aSALUD
650 4 _aSERVICIOS SOCIALES
651 4 _aDOCUMENTOS TEORICOS O METODOLOGICOS
653 _aBENEFICIO SOCIAL
653 _aINSTITUCIONES DE BENEFICENCIA
905 _a53640
942 _cLIB
999 _c10919
_d10919